000 00594nam a2200217Ii 4500
003 JO-AjNU
008 230606s9999||||xx |||||||||||||| ||und||
020 _a978-0-395-35646-6
040 _aJO-AjNU
_beng
_erda
_cJO-AjNU
041 _aeng
050 1 4 _aHF5667 1988
100 3 _aCook; John W. , GARY M. WINKLE,
_eauthor
_96843
245 0 0 _aAuditing
250 _a4th ed
264 3 1 _aBoston: Houghton Mifflin Company,1988
300 _a884P
336 _atext
_btxt
_2rdacontent
337 _aunmediated
_bn
_2rdamedia
338 _avolume
_bnc
_2rdacarrier
650 4 _aAuditing
_96844
999 _aE3571
_c3546
_d3546